000 00682nam a22001337a 4500
040 _cRUA
082 _aLMA CHA 2015 B529 Or.1
100 _aCHAN PUTHEANA; ច័ន្ទ ពុទ្ធាណា
245 _aStudy about property valuation in tuol svay prey 1 coummune; chankamon district, phnom penh municipality; សិក្សាពីការវាយតម្លៃអចលនទ្រព្យ នៅក្នុងសង្កាត់ ទួលស្វាយព្រៃ១ខណ្ឌចំការមន រាជធានីភ្នំពេញ
260 _aPhnom Penh
_bRUA
_c2015
300 _axi; 63p;
_bill;
_c29cm;
856 _uCHAN PUTHEANA
942 _cLMA
999 _c10827
_d10827